000 00693nam a2200217 a 4500
001 000407855
003 AM-YeHGA
005 20250617132638.0
008 050204s1950 ||| r 000 0 rus d
040 _aAM-YeHGA
041 0 _arus
100 1 _aЦитланадзе, Г.В.
245 1 0 _aЦхалтубо :
_bНауч.-попул. очерк /
_cГ.В. Цитланадзе ; Отв. ред.: А.Т. Хелидзе.
246 1 5 _aКурорт Цхалтубо
260 _aТбилиси :
_bГрузмедгиз,
_c1950.
300 _a72 с.
_bил.
650 1 4 _aКурорты
650 4 _aЦхалтубо
700 1 _aХелидзе, А.Т.
_eред.
_4edt
090 _c156420
999 _c155021
_d155021